000 00625cam a2200217 4500
008 000000n2000 000 0 eng u
020 _a1857838580
035 _a(Sirsi) u104742
041 _aeng
050 _a333.33025
110 _aRoyal Institution of Chartered Surveyors
_94900
245 _aList of members 2000.
260 _aLondon
_bWaterlow Specialist Information Publishing Ltd
_c2000
300 _a86,1082p. ; 25cm.
350 _a65.00
650 _aABOUT RICS-RICS MEMBERS
650 _aDIRECTORIES
650 _aRICS
690 _aMANAGEMENT-BUSINESS MANAGEMENT-PROFESSIONAL PRACTICE
942 _n0
999 _c100278
_d100278